Statistics for Lande efter bogstav - P

Click here to take the quiz!

General Stats

  • This quiz has been taken 3 times
  • The average score is 6 of 8

Answer Stats

Land% Correct
Panama
100%
Paraguay
100%
Peru
100%
Polen
100%
Portugal
100%
Pakistan
50%
Palau
50%
Papua Ny Guinea
0%

Score Distribution

Percentile by Number Answered

Percent of People with Each Score

Your Score History

You have not taken this quiz